The charm of poetry / (Record no. 128595)

MARC details
000 -LEADER
fixed length control field 00671nam a22002297a 4500
005 - DATE AND TIME OF LATEST TRANSACTION
control field 20170124110042.0
010 ## - LIBRARY OF CONGRESS CONTROL NUMBER
LC control number 841221
020 ## - INTERNATIONAL STANDARD BOOK NUMBER
Terms of availability 00.00
035 ## - SYSTEM CONTROL NUMBER
System control number 841221
037 ## - SOURCE OF ACQUISITION
Source of stock number/acquisition Cen Lib/Ret
040 ## - CATALOGING SOURCE
Original cataloging agency DPL
Language of cataloging EN
082 ## - DEWEY DECIMAL CLASSIFICATION NUMBER
Classification number 881.08
Item number CHA
245 ## - TITLE STATEMENT
Title The charm of poetry /
Statement of responsibility, etc edited by J.D. Bevington; illustrated by D. Wilson
260 ## - PUBLICATION, DISTRIBUTION, ETC. (IMPRINT)
Place of publication, distribution, etc London
Name of publisher, distributor, etc Ginn and Company
Date of publication, distribution, etc 1949
270 ## - ADDRESS
Address queen square
City London
300 ## - PHYSICAL DESCRIPTION
Extent xxviii, 316p.
Dimensions 17cm(Hb)
650 ## - SUBJECT ADDED ENTRY--TOPICAL TERM
Topical term or geographic name as entry element English literature
9 (RLIN) 23866
650 ## - SUBJECT ADDED ENTRY--TOPICAL TERM
Topical term or geographic name as entry element Attributes of poetry
9 (RLIN) 23867
700 ## - ADDED ENTRY--PERSONAL NAME
Personal name Bevington, J.D.
9 (RLIN) 23864
700 ## - ADDED ENTRY--PERSONAL NAME
Personal name Wilson, D.
9 (RLIN) 23865
942 ## - ADDED ENTRY ELEMENTS (KOHA)
Source of classification or shelving scheme Dewey Decimal Classification
Koha item type English Books
Classification part 881.08
Call number suffix CHA
Holdings
Withdrawn status Lost status Damaged status Not for loan Home library Current library Date acquired Source of acquisition Cost, normal purchase price Total Checkouts Full call number Barcode Date last seen Date checked out Copy number Cost, replacement price Price effective from Koha item type
        Central Library Central Library 03/07/2015 Cen Lib/Ret 0.00 1 881.08 CHA 841221 18/05/2017 06/05/2017 1 0.00 03/07/2015 English Books

© Delhi Public Library
Hit Counter
free hit counter